<?xml version="1.0" encoding="UTF-8"?><?xml-stylesheet type="text/xsl" href="static/style.xsl"?><OAI-PMH xmlns="http://www.openarchives.org/OAI/2.0/" xmlns:xsi="http://www.w3.org/2001/XMLSchema-instance" xsi:schemaLocation="http://www.openarchives.org/OAI/2.0/ http://www.openarchives.org/OAI/2.0/OAI-PMH.xsd"><responseDate>2026-06-01T18:07:49Z</responseDate><request verb="GetRecord" identifier="oai:riuma.uma.es:10630/9949" metadataPrefix="marc">https://riuma.uma.es/rest/oai/request</request><GetRecord><record><header><identifier>oai:riuma.uma.es:10630/9949</identifier><datestamp>2026-03-03T07:26:29Z</datestamp><setSpec>com_10630_2254</setSpec><setSpec>col_10630_37959</setSpec></header><metadata><record xmlns="http://www.loc.gov/MARC21/slim" xmlns:dcterms="http://purl.org/dc/terms/" xmlns:doc="http://www.lyncode.com/xoai" xmlns:xsi="http://www.w3.org/2001/XMLSchema-instance" xsi:schemaLocation="http://www.loc.gov/MARC21/slim http://www.loc.gov/standards/marcxml/schema/MARC21slim.xsd">
   <leader>00925njm 22002777a 4500</leader>
   <datafield ind2=" " ind1=" " tag="042">
      <subfield code="a">dc</subfield>
   </datafield>
   <datafield ind2=" " ind1=" " tag="720">
      <subfield code="a">Benítez-Porres, Javier</subfield>
      <subfield code="e">author</subfield>
   </datafield>
   <datafield ind2=" " ind1=" " tag="720">
      <subfield code="a">Dorado-Guzmán, Manuel</subfield>
      <subfield code="e">author</subfield>
   </datafield>
   <datafield ind2=" " ind1=" " tag="720">
      <subfield code="a">Barrera-Expósito, Jesús</subfield>
      <subfield code="e">author</subfield>
   </datafield>
   <datafield ind2=" " ind1=" " tag="720">
      <subfield code="a">Correas-Gómez, Lorena</subfield>
      <subfield code="e">author</subfield>
   </datafield>
   <datafield ind2=" " ind1=" " tag="720">
      <subfield code="a">Alvero-Cruz, José Ramón</subfield>
      <subfield code="e">author</subfield>
   </datafield>
   <datafield ind2=" " ind1=" " tag="720">
      <subfield code="a">Álvarez-Carnero, Elvis</subfield>
      <subfield code="e">author</subfield>
   </datafield>
   <datafield ind2=" " ind1=" " tag="260">
      <subfield code="c">2015-06-22</subfield>
   </datafield>
   <datafield ind2=" " ind1=" " tag="520">
      <subfield code="a">Introduction: The Physical Activity Questionnaire for adolescents (PAQ-A) is a cost-effective tool to assess physical activity (PA) patterns during adolescence and it has been widely used in research and field settings. Convergent validity of PAQ-A has been confirmed in several countries (Bervoets et al., 2014; Janz, Lutuchy, Wenthe, &amp; Levy, 2008; Martinez-Gomez et al., 2009). However, the construct validity has often been overlooked. Therefore, the aim of this study was to analyze the construct validity of PAQ-A, using maximal oxygen uptake as criterion.&#xd;
Methods: One hundred and seventy-eight (n=99 boys, n=79 girls) adolescents (14.2±1.9 years, 21.1±4.1 BMI) participated in this study. A PA score was estimated by PAQ-A and additionally a sport history was recorded. BMI, waist circumference (WC) and fat mass percent (FMP) were assessed by anthropometric measurements as adiposity markers. Aerobic ﬁtness (VO2Max) was assessed by a progressive continuous test (Chester Step Test). Associations between PA-score and criterions were analyzed by Spearman correlations; a one-way ANOVA was conducted to detect differences between each item level from the PAQ-A; independent sample t tests were used to compare values between boys and girls, and athletes and non-athletes.&#xd;
Results: The results showed moderate significant positive correlations between VO2Max and the PAQ-C for total score (rho = 0.28, P&lt;0.01) and items 5, 6, 7 and 8 (rho = 0.24; rho = 0.25; rho = 0.22; rho = 0.25, all P&lt;0.05; respectively). Adolescents who were enrolled in competitive and organized sport practice had higher scores on the questionnaire (2.8 vs 2.5 average score) as well as higher VO2Max values (37.4 vs 34.2 ml/kg/min).&#xd;
Discussion: Our data confirm the PAQ-A had acceptable construct validity when using VO2Max as criterion. Moreover, our results suggest that information from some items could be more related with some health markers than others.&#xd;
References:&#xd;
Bervoets, L., Van Noten, C., Van Roosbroeck, S., Hansen, D., Van Hoorenbeeck, K., Verheyen, E., . . . Vankerckhoven, V. (2014). Reliability and Validity of the Dutch Physical Activity Questionnaires for Children (PAQ-C) and Adolescents (PAQ-A). Arch Public Health, 72(1), 47. doi: 10.1186/2049-3258-72-47&#xd;
Janz, K. F., Lutuchy, E. M., Wenthe, P., &amp; Levy, S. M. (2008). Measuring activity in children and adolescents using self-report: PAQ-C and PAQ-A. Medicine and Science in Sports and Exercise, 40(4), 767-772. doi: 10.1249/MSS.0b013e3181620ed1&#xd;
Martinez-Gomez, D., Martinez-de-Haro, V., Pozo, T., Welk, G. J., Villagra, A., Calle, M. E., . . . Veiga, O. L. (2009). [Reliability and validity of the PAQ-A questionnaire to assess physical activity in Spanish adolescents]. Rev Esp Salud Publica, 83(3), 427-439. &#xd;
&#xd;
Contact: benitez@uma.es&#xd;
&#xd;
This work was supported by the Spanish Ministry of Education, Culture and Sport (AP2010-0583), Spanish Ministry of Economy and Competitiveness (DEP2011-30565) and the University of Málaga (Campus of International Excellence Andalucía Tech).</subfield>
   </datafield>
   <datafield ind1="8" ind2=" " tag="024">
      <subfield code="a">http://hdl.handle.net/10630/9949</subfield>
   </datafield>
   <datafield tag="653" ind2=" " ind1=" ">
      <subfield code="a">Ejercicio físico - Aspectos fisiológicos</subfield>
   </datafield>
   <datafield ind2="0" ind1="0" tag="245">
      <subfield code="a">Construct validity of the physical activity questionnaire for adolescents (PAQ-A): maximal oxygen uptake</subfield>
   </datafield>
</record>
</metadata></record></GetRecord></OAI-PMH>